| 000 | 00945nam a2200277 i 4500 | ||
|---|---|---|---|
| 001 | bg | ||
| 100 | 1 | _aSTEVENS, W. Richard | |
| 245 | 1 | 0 |
_aProgramowanie zastosowań sieciowych w systemie Unix / _cW. Richard Stevens ; z ang. przeł. Krzysztof Czaja, Jowita Koncewicz-Krzemień. |
| 246 |
_iTyt. oryg.: _aUnix network programming |
||
| 250 | _aWyd. 3. | ||
| 260 |
_aWarszawa : _bWydawnictwa Naukowo-Techniczne, _c1998. |
||
| 300 |
_a822 s. : _bwykr. ; _c25 cm. |
||
| 500 | _aOryg.: "Unix network programming". | ||
| 504 | _aBibliogr. s. 795-804. - Indeks. | ||
| 650 | 9 |
_aSieć komputerowa _xprogramowanie |
|
| 650 | 9 | _aUNIX | |
| 655 | _aPodręczniki akademickie | ||
| 020 | _a8320422884 | ||
| 040 | _cBPK | ||
| 041 | 1 |
_apl _hen |
|
| 080 | _a004.451:004.77](075.8) | ||
| 920 | _a83-204-2288-4 | ||
| 942 | _cKS | ||
| 008 | s pl f |000 0 pol | ||
| 999 |
_c40055 _d40055 |
||
| 856 |
_uhttp://koha.tu.koszalin.pl/cgi-bin/koha/opac-detail.pl?biblionumber=40055 _yKatalog online BPK |
||